Normal view
MARC view
Entry Personal Name
001 - CONTROL NUMBER
- control field: 14998
003 - CONTROL NUMBER IDENTIFIER
- control field: OSt
005 - DATE AND TIME OF LATEST TRANSACTION
- control field: 20211001143906.0
008 - FIXED-LENGTH DATA ELEMENTS
- fixed length control field: 211001|| aca||aabn | a|a d
040 ## - CATALOGING SOURCE
- Original cataloging agency: OSt
- Transcribing agency: OSt
100 ## - HEADING--PERSONAL NAME
- Personal name: Bilgrami K.S.; Saha L.C.;
670 ## - SOURCE DATA FOUND
- Source citation: Work cat.: (OSt): Bilgrami K.S.; Saha L.C.;, A Textbook of Algae., 1992
